| 000 | 01263ngm a22003130a 4500 | ||
|---|---|---|---|
| 001 | PT14865 | ||
| 003 | AR-LpoUNG | ||
| 005 | 20210202000115.0 | ||
| 007 | vd cvaizq | ||
| 008 | 191001s2000||||ag |||||||||||||||||eng d | ||
| 037 | _c$11.6 | ||
| 040 |
_aAR-LpoUNG _bspa _cAR-LpoUNG _eaacr |
||
| 041 |
_aeng _aspa |
||
| 044 | _aag | ||
| 082 | 0 | _a791.436 76qui | |
| 100 | 1 |
_aJonze, Spike _edir. |
|
| 245 | 1 | 0 | _aQuieres ser John Malkovich? |
| 260 |
_aBuenos Aires : _bGativideo, _c2000. |
||
| 300 | _aVHS (111 min.) : son., col. | ||
| 505 | 0 | _aGuión: Charlie Kaufman ; música: Carter Burwell. - Diálogos en inglés, subtítulos en castellano | |
| 520 | _aCraig , un titiritero en bancarrota, con un trabajo monótono y un matrimonio de 10 años con Lotte, encuentra por casualidad un portal abierto hacia la mente de la estrella de cine John Malkovich en el cual puede ver, oír, pensar y sentir lo que éste hace, además de tener el éxito y el dinero que siempre ha deseado. | ||
| 651 | 4 | _aEstados Unidos de América | |
| 653 | _aVIDEOS | ||
| 710 | 2 | _aPropaganda Films (firma comercial) | |
| 710 | 2 | _aSingle Cell Pictures (firma comercial) | |
| 710 | 2 | _aUniversal Pictures International (firma comercial) | |
| 905 | _a14865 | ||
| 942 | _cVIDEO | ||
| 999 |
_c54113 _d54113 |
||